COMPUTING FUNDAMENTALS dBASE IV (Record no. 57)

MARC details
000 -LEADER
fixed length control field 00292nam a22001097a 4500
008 - FIXED-LENGTH DATA ELEMENTS--GENERAL INFORMATION
fixed length control field 150818b xxu||||| |||| 00| 0 eng d
020 ## - INTERNATIONAL STANDARD BOOK NUMBER
International Standard Book Number 0201198290
082 ## -
Classification number 005.7565 5 DAV
100 ## - MAIN ENTRY--PERSONAL NAME
Personal name DAVIS, WILLIAM S
245 ## - TITLE STATEMENT
Title COMPUTING FUNDAMENTALS dBASE IV
260 ## - PUBLICATION, DISTRIBUTION, ETC. (IMPRINT)
Place of publication, distribution, etc. NEW YORK :
Name of publisher, distributor, etc. ADDISON-WESLEY,
Date of publication, distribution, etc. 1990.
Holdings
Withdrawn status Lost status Source of classification or shelving scheme Damaged status Koha normalized classification for sorting Not for loan Home library Current library Shelving location Date acquired Total Checkouts Full call number Barcode Date last seen Price effective from Koha item type
    Dewey Decimal Classification   005_756500000000000_5_DAV   Dodoma Dodoma Ground Floor 18/08/2015   005.7565 5 DAV 000000002232 29/07/2019 18/08/2015 BOOKS

IRDP © 2021 :: Managed by ICT Team